Guiz of Gods - Statistics

General Stats
  • This quiz has been taken 6 times
  • The average score is 7 of 14
Answer Stats
Hint Answer % Correct
Was the last question wrong? No
100%
Was the last question wrong? Yes
100%
Give me money? Yes
100%
$20? Yes
100%
By Monday? Yes
100%
Do you agree to this? Yes
100%
Greatest Human Alive James Murphy
25%
Smartest Human Alive James Murphy
25%
Who is God? James Murphy
25%
Greatest Artist Alive Kendrick Lamar
25%
When was he actually born? 1861
0%
Who is Love? Cupid
0%
Who likes Rings? Golem
0%
What year was Abraham Lincoln born? Today
0%
No matching quizzes found
Score Distribution
Percent of People with Each Score
Percentile by Number Answered
Your Score History
You have not taken this quiz